Statistiques concernant Généalogie dans Harry Potter

Cliquez ici pour prendre le quiz!

Statistiques générales

  • Ce quiz a été pris 678 fois
  • Le résultat moyen est 18 sur 23

Statistiques - réponses

Comment se nomme... Personnage % Correct
...le fils d'Amos Diggory?Cedric Diggory
99%
...le fils de Narcissa Malefoy?Drago Malefoy
99%
...la soeur de Charlie Weasley?Ginny Weasley
98%
...la soeur de Lily Potter?Pétunia Dursley
97%
...le frère de Regulus Black?Sirius Black
95%
...le père de Luna Lovegood?Xenophilius Lovegood
94%
...la soeur jumelle de Parvati Patil?Padma Patil
94%
...l'épouse de Rodolphus Lestrange?Bellatrix Lestrange
91%
...le frère de Thésée Dragonneau?Norbert Dragonneau
90%
...la mère de Teddy Lupin?Nymphadora Tonks
89%
...la fille d'Hermione Granger?Rose Granger-Weasley
89%
...la fille de Rowena Serdaigle?Helena Serdaigle
89%
...le frère de Dennis Crivey?Colin Crivey
89%
...la soeur d'Albus Dumbledore?Ariana Dumbledore
88%
...le demi-frère de Rubeus Hagrid?Graup
86%
...la soeur de Fleur Delacour?Gabrielle Delacour
86%
...la mère de Neville Londubat?Alice Londubat
86%
...le grand-père maternel de Voldemort?Elvis Marvolo Gaunt
71%
...le fils d'Eileen Prince?Severus Rogue
63%
...la soeur de Fabian Prewett?Molly Weasley
43%
...la soeur de Queenie Goldstein?Tina Goldstein
35%
...le fils adoptif de Mary Lou Bellebosse?Croyance Bellebosse
29%
...l'époux de Mosag?Aragog
16%

Distribution des résultats

Percentile par nombre de réponses

% des personnes avec chaque résultat

Votre développement - résultats

Vous n’avez pas pris ce quiz